Échelle de mots - Les nombres - Statistiques

Statistiques générales
  • Ce quiz a été pris 218 fois
    121 depuis la dernière actualisation
  • Le résultat moyen est 23 sur 75
Statistiques - réponses
Définition Mot % Correct
1 Un
100%
Première page du journal (+1) Une
99%
2 Deux
82%
3 Trois
78%
Le père de Jésus-Christ (-1) Dieu
75%
Film de science-fiction (+1) Dune
72%
Agréable au toucher Doux
71%
Mélange entre noir et blanc Gris
70%
Petit avenue Rue
70%
Vrai anglais (+1) True
67%
Mélanges pour réorganiser (-1) Tris
66%
4 Quatre
64%
Femme de l'oncle Tante
63%
Guerre qui n'aura pas lieu Troie
63%
Percé (+1) Troue
63%
Saint des Vosges (-1) Dié
62%
Accompli en anglais Done
62%
Somme restante à payer Due
62%
Garçon Gars
62%
L'ensemble du Panthéon (+1) Dieux
59%
Joyeux Gais
59%
Plateforme ferroviaire Gare
59%
25% Quart
54%
Apte à faire quelque chose Doué
53%
La même quantité (-1) Tant
49%
5 Cinq
41%
6 Six
39%
Intervalle de quatre notes (+1) Quarte
37%
7 Sept
36%
Équipé de mitaines (+1) Ganté
34%
8 Huit
34%
10 Dix
28%
9 Neuf
28%
Spoilé Gâté
25%
Pour ce qui est de Quant
25%
L'intérieur du pain (-1) Mie
18%
Épaisseur d’un objet plat Quarre
16%
Accablant (+1) Tuant
16%
Musique mélangée Mix
14%
Personne de petite taille Nain
13%
Pièce oblongue d'une église (-1) Nef
13%
Commence la partie de tennis Sert
13%
Quitte le lieu Sort
13%
Enjambe le pas Suit
13%
Ou Soit
12%
Boisson alcoolisée à base de raison Vin
12%
Ville en provence, la chapelle ou les bains (-1) Aix
11%
Élément en graphite d'un crayon Mine
11%
Concept symbolisé par la branche d'olivier Paix
11%
Cinématographe très réduit Ciné
9%
Viseur Mire
9%
Crédule (+1) Naïf
9%
Accompagne les jeux pour les romains Pain
9%
Dégage une odeur Sent
9%
Nez, flair Nif
8%
Costume britannique Suit
8%
Sport côtier Surf
8%
Arrivât (+1) Vînt
8%
Imperméable Ciré
7%
Filament qui transmet des impulsions Nerf
7%
Qui dégage une mauvaise odeur Puant
7%
Roman de Maupassant (Boule de ...) Suif
7%
Le zéphyr ou la tramontane Vent
7%
Saint associé à Lapopie Cirq
5%
Équipé Muni
5%
A subi une correction Puni
5%
Aux ordres d'un seigneur Serf
5%
Constructeur automobile britannique Mini
4%
Vis-à-vis de Quant
4%
Argile Sil
4%
Tel le coyote qui court après Bip-Bip Vil
4%
Ancienne unité monétaire de l'Irlande (-1) Punt
3%
Soumis à la quadrature Quarre
1%
Le jéroboam par rapport au balthazar (-1) Quart
1%
Équivalent à deux pintes Quarte
0%
Aucun quiz correspondant
Distribution des résultats
% des personnes avec chaque résultat
Percentile par nombre de réponses
Votre historique - résultats
Vous n’avez pas pris ce quiz depuis la dernière actualisation